000 00630nam a2200217Ii 4500
001 5511
003 CO-ViMGA
008 241108s9999||||xx |||||||||||||| ||und||
020 _a8437700760
040 _aCO-ViMGA
_bspa
_erda
_cCO-ViMGA
041 0 _aunk
084 _aN HOF1e
100 1 _aErnest Theodor Amadeus Hoffmann
_954388
245 1 0 _aLos elixires del diablo
264 1 _a[Lugar de publicación no identificado] : Caifa, 1985
300 _avolumen
336 _atext
_btxt
_2rdacontent
337 _aunmediated
_bn
_2rdamedia
338 _avolume
_bnc
_2rdacarrier
940 _aidficha_siabuc: 5365. -- ficha_no_siabuc:5511
999 _c51349
_d51349